Χώρες που Περιέχουν 2 ή Περισσότερες Λέξεις - Statistics

General Stats
  • This quiz has been taken 117 times
  • The average score is 25 of 36
Answer Stats
Λέξεις Χώρα % Correct
2 Βόρεια Κορέα
93%
2 Νότια Κορέα
93%
2 Ηνωμένο Βασίλειο
91%
2 Ηνωμένες Πολιτείες
83%
2 Νέα Ζηλανδία
83%
2 Αγία Λουκία
81%
2 Άγιος Μαρίνος
81%
2 Νότια Αφρική
81%
2 Νότιο Σουδάν
80%
4 Άγιος Βικέντιος και Γρεναδίνες
78%
2 Πράσινο Ακρωτήριο
77%
4 Άγιος Χριστόφορος και Νέβις
77%
2 Βόρεια Μακεδονία
74%
3 Ηνωμένα Αραβικά Εμιράτα
74%
2 Ακτή Ελεφαντοστού
72%
2 Μπουρκίνα Φάσο
72%
3 Τρινιντάντ και Τομπάγκο
71%
2 Σαουδική Αραβία
70%
2 Σρι Λάνκα
68%
3 Αντίγκουα και Μπαρμπούντα
68%
2 Δομινικανή Δημοκρατία
67%
4 Σάο Τομέ και Πρίνσιπε
67%
2 Ανατολικό Τιμόρ
65%
2 Νήσοι Μάρσαλ
65%
3 Παπούα Νέα Γουινέα
65%
3 Βοσνία και Ερζεγοβίνη
64%
3 Δημοκρατία του Κονγκό
64%
2 Νήσοι Σολομώντα
62%
4 Λαϊκή Δημοκρατία του Κονγκό
62%
2 Κεντροαφρικανική Δημοκρατία
58%
2 Γουινέα-Μπισσάου
55%
2 Ισημερινή Γουινέα
55%
2 Κόστα Ρίκα
52%
2 Σιέρα Λεόνε
49%
2 Ελ Σαλβαδόρ
48%
4 Ομόσπονδες Πολιτείες της Μικρονησίας
42%
No matching quizzes found
Score Distribution
Percent of People with Each Score
Percentile by Number Answered
Your Score History
You have not taken this quiz